Mark Twain Award Winners - Statistics

General Stats
  • This quiz has been taken 111 times
    101 since last reset
  • The average score is 9 of 26
Answer Stats
Hint Answer % Correct
2005 Steve Martin
66%
2025 Conan O'Brien
57%
2011 Will Ferrel
56%
2015 Eddie Murphy
55%
2017 David Letterman
53%
2019 Dave Chappelle
51%
2010 Tina Fey
51%
2023 Adam Sandler
48%
2014 Jay Leno
46%
2022 Jon Stewart
46%
1998 Richard Pryor
46%
2024 Kevin Hart
40%
2008 George Carlin
38%
2016 Bill Murray
36%
2007 Billy Crystal
34%
2018 Julia Louis-Dreyfus
34%
2001 Whoopi Goldberg
29%
2009 Bill Cosby
24%
2012 Ellen DeGeneres
22%
2004 Lorne Michaels
19%
2013 Carol Burnett
15%
2002 Bob Newhart
12%
2003 Lily Tomlin
11%
2000 Carl Reiner
8%
2006 Neil Simon
7%
1999 Jonathan Winters
4%
No matching quizzes found
Score Distribution
Percent of People with Each Score
Percentile by Number Answered
Your Score History
You have not taken this quiz since the last reset